Použiteľnosť komplexného vizualizačného softvéru pre medicínske účely
Gespeichert in:
| 1. Verfasser: | |
|---|---|
| Weitere Verfasser: | |
| Format: | Manuskript Buch |
| Sprache: | Slowakisch |
| Veröffentlicht: |
2016
|
| Schlagworte: | |
| Online-Zugang: | http://is.stuba.sk/zp/portal_zp.pl?podrobnosti=119333 |
| Tags: |
Keine Tags, Fügen Sie das erste Tag hinzu!
|
MARC
| LEADER | 00000ntm a22000003a 4500 | ||
|---|---|---|---|
| 001 | stuzp59026 | ||
| 003 | SK-STU | ||
| 005 | 20160719155736.1 | ||
| 007 | ta | ||
| 008 | 150427s2015----xo-----f-mn---000-0-slo-d | ||
| 040 | |a STU |b slo | ||
| 041 | 0 | |a slo | |
| 100 | 1 | |a Šutarík, Peter |u 070400 |k Z4 |4 aut |U FIIT Fakulta informatiky a informačných technológií |T FIIT Ústav počítačového inžinierstva a aplikovanej informatiky |X 5771 |U I400 |Y 672 |7 A000005771 | |
| 242 | 0 | 1 | |a Usability of comprehensive visualization software for medical purposes |y eng |
| 245 | 1 | 0 | |a Použiteľnosť komplexného vizualizačného softvéru pre medicínske účely |
| 260 | |c 2016 | ||
| 650 | 4 | |a Použiteľnosť |2 slo | |
| 650 | 4 | |a Zaznamenávanie pohľadu |2 slo | |
| 650 | 4 | |a Testovanie použiteľnosti |2 slo | |
| 650 | 4 | |a Medicínsky systém |2 slo | |
| 650 | 4 | |a Používateľské rozhranie |2 slo | |
| 650 | 4 | |a Usability |2 eng | |
| 650 | 4 | |a Eye tracking |2 eng | |
| 650 | 4 | |a Usability testing |2 eng | |
| 650 | 4 | |a Medical system |2 eng | |
| 650 | 4 | |a User interface |2 eng | |
| 700 | 1 | |a Benešová, Vanda |u 070400 |k Z1 |4 ths |U FIIT Fakulta informatiky a informačných technológií |T FIIT Ústav počítačového inžinierstva a aplikovanej informatiky |X 63121 |U I400 |Y 672 |7 63121 | |
| 856 | 4 | |u http://is.stuba.sk/zp/portal_zp.pl?podrobnosti=119333 | |
| 996 | |b 8205 |c I* DIP 29/2016 |l II680 |s P |a 0 |w stuzp59026_0001 | ||
| SQL | |a stuzp59026 |b DDP |c SLO |d Použiteľnosť komplexného vizualizačného softvéru pre medicínske účely |e 5771 |f Šutarík, Peter |g 070400 |h 63121 |i Benešová, Vanda |j 20160614 |k 205 |l 07 |m http://is.stuba.sk/zp/portal_zp.pl?podrobnosti=119333 |n I-IS2 |o 9.2.6. informačné systémy | ||